00477nam a22001457a 4500008004100000020001500041050002300056100002300079245006800102250001200170260002900182300007800211650002000289700002200309160811b xxu||||| |||| 00| 0 eng d a0321178580 aHB 172.5.B334 2003 aBade, Robin.d2003 aFoundations of macroeconomics /cRobin Bade and Michael Parkin a2nd ed. aBoston;bPearson,c2003. axxxvii, 528(22) p. :ill.bIncludes bibliographical references and index. aMacroeconomics. aParkin, Michael.